[Event "EU-chT Seniors 50"]
[Site "Swidnica"]
[Date "2025.04.13"]
[Round "9.1"]
[White "Bischoff, Klaus"]
[Black "Adams, Michael"]
[Result "1/2-1/2"]
[WhiteElo "2425"]
[BlackElo "2661"]
[PlyCount "54"]
[EventDate "2025.04.05"]
[EventType "team-tourn"]
[EventRounds "9"]
[EventCountry "POL"]
[SourceTitle "CB16_2025"]
[SourceDate "2025.04.16"]
[SourceVersion "1"]
[SourceVersionDate "2025.04.16"]
[SourceQuality "1"]
[WhiteTeam "Germany 50"]
[BlackTeam "England 50"]
[WhiteTeamCountry "GER"]
[BlackTeamCountry "ENG"]

1. d4 Nf6 2. c4 e6 3. Nc3 Bb4 4. e3 0-0 5. Bd3 d5 6. a3 Bxc3+ 7. bxc3 dxc4 8. Bxc4 c5 9. Bb2 Qa5 10. Nf3 cxd4 11. exd4 b6 12. Qe2 Ba6 13. Bxa6 Nxa6 14. a4 Nc7 15. 0-0 Ncd5 16. c4 Nf4 17. Qe3 Qf5 18. h3 Rfc8 19. Bc1 Ng6 20. Qb3 Rc7 21. Be3 Rac8 22. Rfc1 Nf4 23. Bxf4 Qxf4 24. a5 Nd7 25. axb6 axb6 26. Qb5 g6 27. Re1 Qd6 1/2-1/2

[Event "EU-chT Seniors 50"]
[Site "Swidnica"]
[Date "2025.04.12"]
[Round "8.1"]
[White "Adams, Michael"]
[Black "Bischoff, Klaus"]
[Result "1-0"]
[WhiteElo "2661"]
[BlackElo "2425"]
[PlyCount "77"]
[EventDate "2025.04.05"]
[EventType "team-tourn"]
[EventRounds "9"]
[EventCountry "POL"]
[SourceTitle "CB16_2025"]
[SourceDate "2025.04.16"]
[SourceVersion "1"]
[SourceVersionDate "2025.04.16"]
[SourceQuality "1"]
[WhiteTeam "England 50"]
[BlackTeam "Germany 50"]
[WhiteTeamCountry "ENG"]
[BlackTeamCountry "GER"]

1. e4 c5 2. Nf3 d6 3. Nc3 Nf6 4. d4 cxd4 5. Qxd4 a6 6. Nd5 Nc6 7. Qe3 Nd7 8. Bd2 e6 9. Nf4 Be7 10. 0-0-0 0-0 11. h4 b5 12. Nh5 Qb6 13. Qf4 e5 14. Qg3 g6 15. Ng5 Nc5 16. Re1 f5 17. f4 fxe4 18. fxe5 dxe5 19. Be2 Qc7 20. Nxh7 Kxh7 21. Qe3 Rf4 22. Nxf4 exf4 23. Qxf4 Qxf4 24. Bxf4 Nd4 25. Bd1 Bb7 26. h5 g5 27. Be3 Nf5 28. Rhf1 Rf8 29. Bg1 Ng3 30. Rxf8 Bxf8 31. Bg4 Bc6 32. Rd1 e3 33. Bxe3 Nce4 34. Rd8 Bg7 35. Bf3 Nf5 36. Bxg5 Nd4 37. h6 Nxf3 38. hxg7 Kxg7 39. Bh6+ 1-0

[Event "EU-chT Seniors 50"]
[Site "Swidnica"]
[Date "2025.04.11"]
[Round "7.9"]
[White "Adams, Michael"]
[Black "Fletcher, John T"]
[Result "1-0"]
[WhiteElo "2661"]
[BlackElo "1989"]
[PlyCount "51"]
[EventDate "2025.04.05"]
[EventType "team-tourn"]
[EventRounds "9"]
[EventCountry "POL"]
[SourceTitle "CB16_2025"]
[SourceDate "2025.04.16"]
[SourceVersion "1"]
[SourceVersionDate "2025.04.16"]
[SourceQuality "1"]
[WhiteTeam "England 50"]
[BlackTeam "Wales Silures 50"]
[WhiteTeamCountry "ENG"]
[BlackTeamCountry "WLS"]

1. e4 c5 2. Nf3 Nc6 3. Bb5 g6 4. Bxc6 bxc6 5. 0-0 Bg7 6. Re1 Nf6 7. e5 Nd5 8. c4 Nc7 9. Nc3 0-0 10. d4 cxd4 11. Qxd4 Ne6 12. Qh4 d5 13. Bh6 f6 14. Bxg7 Nxg7 15. Rad1 Nf5 16. Qf4 Qb6 17. cxd5 Qxb2 18. Qc4 Ba6 19. Qxa6 Qxc3 20. Rc1 Qb4 21. dxc6 fxe5 22. c7 Nd6 23. Nxe5 Qd4 24. Qe2 Qh4 25. g3 Qg5 26. Nc6 1-0

[Event "EU-chT Seniors 50"]
[Site "Swidnica"]
[Date "2025.04.10"]
[Round "6.5"]
[White "Buckley, Graeme N"]
[Black "Adams, Michael"]
[Result "1/2-1/2"]
[WhiteElo "2268"]
[BlackElo "2661"]
[PlyCount "67"]
[EventDate "2025.04.05"]
[EventType "team-tourn"]
[EventRounds "9"]
[EventCountry "POL"]
[SourceTitle "CB16_2025"]
[SourceDate "2025.04.16"]
[SourceVersion "1"]
[SourceVersionDate "2025.04.16"]
[SourceQuality "1"]
[WhiteTeam "England 50 II"]
[BlackTeam "England 50"]
[WhiteTeamCountry "ENG"]
[BlackTeamCountry "ENG"]

1. e4 e5 2. Nf3 Nc6 3. Bb5 a6 4. Ba4 Nf6 5. 0-0 Be7 6. Re1 b5 7. Bb3 0-0 8. a4 Rb8 9. d3 d6 10. Nbd2 Na5 11. Ba2 c5 12. c3 Qc7 13. Nf1 b4 14. Ne3 b3 15. Bb1 Be6 16. d4 Rbd8 17. d5 Bd7 18. c4 g6 19. Bd2 Ng4 20. Bd3 Nxe3 21. Bxe3 Rb8 22. Bh6 Rfe8 23. h3 Qd8 24. Qc1 Bf6 25. Ra3 Bg7 26. Bd2 f5 27. Rf1 Rb4 28. Qe1 Qb6 29. Ng5 f4 30. Be2 Bf6 31. Nf3 Rb8 32. Qc1 h5 33. Ne1 Bd8 34. Bxb4 1/2-1/2

[Event "EU-chT Seniors 50"]
[Site "Swidnica"]
[Date "2025.04.09"]
[Round "5.13"]
[White "Adams, Michael"]
[Black "Rogowski, Jaroslaw"]
[Result "1-0"]
[WhiteElo "2661"]
[BlackElo "2050"]
[PlyCount "53"]
[EventDate "2025.04.05"]
[EventType "team-tourn"]
[EventRounds "9"]
[EventCountry "POL"]
[SourceTitle "CB16_2025"]
[SourceDate "2025.04.16"]
[SourceVersion "1"]
[SourceVersionDate "2025.04.16"]
[SourceQuality "1"]
[WhiteTeam "England 50"]
[BlackTeam "Poland Caissa 50"]
[WhiteTeamCountry "ENG"]
[BlackTeamCountry "POL"]

1. e4 e5 2. Nf3 Nc6 3. Bb5 a6 4. Ba4 Nf6 5. 0-0 Be7 6. d3 b5 7. Bb3 d6 8. a4 Bg4 9. c3 0-0 10. Nbd2 Na5 11. Bc2 c5 12. h3 Bh5 13. Re1 Re8 14. Nf1 Nc6 15. Ng3 Bg6 16. Nh4 d5 17. Nhf5 dxe4 18. dxe4 Qxd1 19. Rxd1 Bf8 20. Bg5 Nh5 21. Nxh5 Bxh5 22. g4 Bg6 23. Be3 b4 24. Bb3 Na5 25. Bd5 Rac8 26. cxb4 cxb4 27. Rac1 1-0

[Event "EU-chT Seniors 50"]
[Site "Swidnica"]
[Date "2025.04.07"]
[Round "3.13"]
[White "Zych, Marek"]
[Black "Adams, Michael"]
[Result "0-1"]
[WhiteElo "1942"]
[BlackElo "2661"]
[PlyCount "60"]
[EventDate "2025.04.05"]
[EventType "team-tourn"]
[EventRounds "9"]
[EventCountry "POL"]
[SourceTitle "CB16_2025"]
[SourceDate "2025.04.16"]
[SourceVersion "1"]
[SourceVersionDate "2025.04.16"]
[SourceQuality "1"]
[WhiteTeam "Swidnica 50"]
[BlackTeam "England 50"]
[WhiteTeamCountry "POL"]
[BlackTeamCountry "ENG"]

1. Nf3 d5 2. d4 Nf6 3. g3 c5 4. Bg2 cxd4 5. 0-0 h6 6. b3 e6 7. Bb2 Bc5 8. Bxd4 Bxd4 9. Qxd4 Nc6 10. Qb2 0-0 11. Rd1 Qc7 12. c4 dxc4 13. bxc4 Bd7 14. Na3 Rfd8 15. Rab1 Be8 16. Nb5 Qe7 17. Ne5 a6 18. Nxc6 Bxc6 19. Bxc6 bxc6 20. Nd4 Qc5 21. e3 Rac8 22. Qb7 a5 23. Nb3 Qf5 24. Qb6 Rxd1+ 25. Rxd1 Ne4 26. f4 Qh5 27. Rd8+ Kh7 28. Rd4 Qf3 29. Rxe4 Qxe4 30. Nxa5 Ra8 0-1

[Event "EU-chT Seniors 50"]
[Site "Swidnica"]
[Date "2025.04.06"]
[Round "2.5"]
[White "Adams, Michael"]
[Black "Lalic, Susan"]
[Result "1-0"]
[WhiteElo "2661"]
[BlackElo "2227"]
[PlyCount "81"]
[EventDate "2025.04.05"]
[EventType "team-tourn"]
[EventRounds "9"]
[EventCountry "POL"]
[SourceTitle "CB16_2025"]
[SourceDate "2025.04.16"]
[SourceVersion "1"]
[SourceVersionDate "2025.04.16"]
[SourceQuality "1"]
[WhiteTeam "England 50"]
[BlackTeam "England 50 (W)"]
[WhiteTeamCountry "ENG"]
[BlackTeamCountry "ENG"]

1. e4 e6 2. d4 d5 3. Nc3 Bb4 4. e5 c5 5. a3 Ba5 6. b4 cxd4 7. Nb5 Bc7 8. f4 Ne7 9. Nf3 Nbc6 10. Nxc7+ Qxc7 11. Bd3 a6 12. 0-0 Bd7 13. Bb2 h6 14. Qd2 Nf5 15. Bxf5 exf5 16. Bxd4 Nxd4 17. Nxd4 0-0 18. Rf3 Rfc8 19. h3 a5 20. Rb1 axb4 21. Rxb4 Ra6 22. Rfb3 b5 23. Kh2 Rg6 24. Qd3 Qc5 25. Qf3 Ra6 26. c3 Ra4 27. Qd3 Rxb4 28. axb4 Qa7 29. Qb1 Rc4 30. Qb2 Qc7 31. Qa1 Kh7 32. Ra3 Qd8 33. Ra7 Be6 34. Qe1 Qb6 35. Ra2 Qb8 36. Ra3 Qd8 37. Qg3 Qd7 38. Ra5 Rc8 39. Nxb5 d4 40. Nxd4 Bd5 41. Nxf5 1-0

[Event "EU-chT Seniors 50"]
[Site "Swidnica"]
[Date "2025.04.05"]
[Round "1.9"]
[White "Bischoff, Klaus"]
[Black "Adams, Michael"]
[Result "0-1"]
[WhiteElo "2425"]
[BlackElo "2661"]
[PlyCount "114"]
[EventDate "2025.04.05"]
[EventType "team-tourn"]
[EventRounds "9"]
[EventCountry "POL"]
[SourceTitle "CB16_2025"]
[SourceDate "2025.04.16"]
[SourceVersion "1"]
[SourceVersionDate "2025.04.16"]
[SourceQuality "1"]
[WhiteTeam "Germany 50"]
[BlackTeam "England 50"]
[WhiteTeamCountry "GER"]
[BlackTeamCountry "ENG"]

1. c4 e5 2. Nc3 Nf6 3. Nf3 Nc6 4. d3 g6 5. e3 Bg7 6. Be2 0-0 7. a3 d5 8. cxd5 Nxd5 9. Bd2 a5 10. Qc2 Nxc3 11. Bxc3 a4 12. 0-0 Be6 13. Rac1 Re8 14. Nd2 Re7 15. Nc4 Bd5 16. Rfd1 Rd7 17. Be1 Qg5 18. Bf1 Bf3 19. Nd2 Bxd1 20. Qxd1 f5 21. Rc4 Kh8 22. Rxa4 Qd8 23. Rxa8 Qxa8 24. Qc2 Nd8 25. Nf3 b6 26. e4 Nf7 27. Bc3 Re7 28. a4 Nd6 29. Nd2 c5 30. Be2 Ra7 31. b3 b5 32. Bd1 fxe4 33. dxe4 c4 34. axb5 Nxb5 35. Nxc4 Nxc3 36. Qxc3 Qxe4 37. Nd6 Qd5 38. Qc8+ Qg8 39. Kf1 Qxc8 40. Nxc8 Ra2 41. Bf3 Bf8 42. Nb6 Bc5 43. Nc4 Bd4 44. b4 Rxf2+ 45. Ke1 Rc2 46. Bd5 Rc1+ 47. Kd2 Rb1 48. Kd3 Rxb4 49. h3 Kg7 50. Nd2 Bb6 51. Bc4 Ba5 52. Ne4 Rb2 53. g3 Bb6 54. h4 Rg2 55. Be6 Bg1 56. Bh3 Ra2 57. Be6 Ra3+ 0-1

[Event "WchT Seniors 50"]
[Site "Prague"]
[Date "2025.02.25"]
[Round "8.1"]
[White "Adams, Michael"]
[Black "Ehlvest, Jaan"]
[Result "1/2-1/2"]
[WhiteElo "2664"]
[BlackElo "2531"]
[PlyCount "71"]
[EventDate "2025.02.17"]
[EventType "team-swiss"]
[EventRounds "9"]
[EventCountry "CZE"]
[SourceTitle "CB09_2025"]
[SourceDate "2025.02.27"]
[SourceVersion "1"]
[SourceVersionDate "2025.02.27"]
[SourceQuality "1"]
[WhiteTeam "England 50"]
[BlackTeam "USA 50"]
[WhiteTeamCountry "ENG"]
[BlackTeamCountry "USA"]

1. e4 e5 2. Nf3 Nc6 3. Bb5 a6 4. Ba4 b5 5. Bb3 Na5 6. 0-0 d6 7. d4 exd4 8. Nxd4 Bb7 9. c4 c5 10. Nf5 g6 11. Ne3 Nf6 12. Nc3 Bc6 13. Ned5 Bg7 14. Bg5 h6 15. Bxf6 Bxf6 16. cxb5 axb5 17. Nxf6+ Qxf6 18. Bd5 0-0 19. a3 Bxd5 20. Qxd5 Rab8 21. h3 Rfe8 22. Qd3 Kg7 23. Rfe1 Nc4 24. Re2 Ne5 25. Qd2 Nc6 26. Rd1 Nd4 27. Re3 Qh4 28. Ne2 Nxe2+ 29. Qxe2 Re6 30. Rd5 Qe7 31. b4 cxb4 32. axb4 Re5 33. Qd3 Rxd5 34. Qxd5 Qe5 35. Rd3 Rc8 36. Qxe5+ 1/2-1/2

[Event "WchT Seniors 50"]
[Site "Prague"]
[Date "2025.02.24"]
[Round "7.1"]
[White "Ftacnik, Lubomir"]
[Black "Adams, Michael"]
[Result "1-0"]
[WhiteElo "2438"]
[BlackElo "2664"]
[PlyCount "79"]
[EventDate "2025.02.17"]
[EventType "team-swiss"]
[EventRounds "9"]
[EventCountry "CZE"]
[SourceTitle "CB09_2025"]
[SourceDate "2025.02.27"]
[SourceVersion "1"]
[SourceVersionDate "2025.02.27"]
[SourceQuality "1"]
[WhiteTeam "Slovakia 50"]
[BlackTeam "England 50"]
[WhiteTeamCountry "SVK"]
[BlackTeamCountry "ENG"]

1. Nf3 Nf6 2. c4 e6 3. Nc3 Bb4 4. g3 0-0 5. Bg2 d5 6. a3 Bxc3 7. bxc3 c5 8. cxd5 exd5 9. 0-0 Nc6 10. d4 Ne4 11. dxc5 Re8 12. Qc2 Qf6 13. Bb2 Bf5 14. Qb3 Nxc5 15. Qxd5 Rxe2 16. Qxc5 Rxb2 17. Rad1 b6 18. Qd6 Rc8 19. Nh4 Bg4 20. Bxc6 Bxd1 21. Qxf6 gxf6 22. Rxd1 Re2 23. Bb5 Re5 24. c4 Kf8 25. Ng2 Ra8 26. Ne3 a6 27. Bc6 Rb8 28. Bd5 Re7 29. Rb1 Rc7 30. a4 Rc5 31. Kf1 Ke8 32. Ke2 Ra5 33. Rb4 Kd7 34. Kd3 b5 35. axb5 axb5 36. c5 Ra4 37. Rb3 Kc7 38. Bg2 Ra1 39. Nd5+ Kc6 40. Nxf6+ 1-0

[Event "WchT Seniors 50"]
[Site "Prague"]
[Date "2025.02.23"]
[Round "6.1"]
[White "Hjartarson, Johann"]
[Black "Adams, Michael"]
[Result "0-1"]
[WhiteElo "2464"]
[BlackElo "2664"]
[PlyCount "72"]
[EventDate "2025.02.17"]
[EventType "team-swiss"]
[EventRounds "9"]
[EventCountry "CZE"]
[SourceTitle "CB09_2025"]
[SourceDate "2025.02.27"]
[SourceVersion "1"]
[SourceVersionDate "2025.02.27"]
[SourceQuality "1"]
[WhiteTeam "Iceland 50"]
[BlackTeam "England 50"]
[WhiteTeamCountry "ISL"]
[BlackTeamCountry "ENG"]

1. e4 e5 2. Nf3 Nc6 3. Bb5 a6 4. Ba4 Nf6 5. 0-0 Be7 6. Re1 b5 7. Bb3 0-0 8. c3 d5 9. exd5 Nxd5 10. Nxe5 Nxe5 11. Rxe5 Bb7 12. d4 Bf6 13. Re1 Re8 14. a4 b4 15. a5 Qd6 16. g3 bxc3 17. bxc3 c5 18. Ra2 cxd4 19. cxd4 Rxe1+ 20. Qxe1 Qc6 21. Rc2 Qb5 22. Re2 h5 23. Nd2 Nc3 24. Re3 Qc6 25. Nf3 Bxd4 26. Bb2 Bxe3 27. Bxf7+ Kf8 28. Bxh5 Bd4 29. Ba3+ Kg8 30. Qe7 Bf6 31. Qf7+ Kh8 32. Bg4 Qd5 33. Qg6 Ne2+ 34. Kf1 Nd4 35. Nxd4 Bxd4 36. f3 Bf6 0-1

[Event "WchT Seniors 50"]
[Site "Prague"]
[Date "2025.02.21"]
[Round "5.1"]
[White "Adams, Michael"]
[Black "Bischoff, Klaus"]
[Result "1-0"]
[WhiteElo "2664"]
[BlackElo "2432"]
[PlyCount "61"]
[EventDate "2025.02.17"]
[EventType "team-swiss"]
[EventRounds "9"]
[EventCountry "CZE"]
[SourceTitle "CB09_2025"]
[SourceDate "2025.02.27"]
[SourceVersion "1"]
[SourceVersionDate "2025.02.27"]
[SourceQuality "1"]
[WhiteTeam "England 50"]
[BlackTeam "Confluentia 50"]
[WhiteTeamCountry "ENG"]
[BlackTeamCountry "GER"]

1. e4 c5 2. Nf3 e6 3. d4 cxd4 4. Nxd4 Nc6 5. Nc3 d6 6. Be3 a6 7. Qd2 Bd7 8. 0-0-0 Rc8 9. Kb1 Nf6 10. f3 Ne5 11. g4 h6 12. h4 b5 13. a3 g6 14. Be2 Nc4 15. Bxc4 Rxc4 16. Rhe1 Qc7 17. g5 Rxc3 18. Qxc3 Qxc3 19. bxc3 hxg5 20. hxg5 Nh5 21. c4 Be7 22. cxb5 axb5 23. Ne2 0-0 24. Rd3 Ra8 25. Red1 d5 26. exd5 exd5 27. Rxd5 Be6 28. Rxb5 Bc4 29. Rb7 Bxa3 30. Nc3 Ng7 31. Bd4 1-0

[Event "WchT Seniors 50"]
[Site "Prague"]
[Date "2025.02.20"]
[Round "4.1"]
[White "David, Alberto"]
[Black "Adams, Michael"]
[Result "1/2-1/2"]
[WhiteElo "2467"]
[BlackElo "2664"]
[PlyCount "52"]
[EventDate "2025.02.17"]
[EventType "team-swiss"]
[EventRounds "9"]
[EventCountry "CZE"]
[SourceTitle "CB09_2025"]
[SourceDate "2025.02.27"]
[SourceVersion "1"]
[SourceVersionDate "2025.02.27"]
[SourceQuality "1"]
[WhiteTeam "Italy 50"]
[BlackTeam "England 50"]
[WhiteTeamCountry "ITA"]
[BlackTeamCountry "ENG"]

1. d4 Nf6 2. c4 e6 3. Nc3 Bb4 4. f3 d5 5. a3 Bxc3+ 6. bxc3 c6 7. e3 0-0 8. Bd3 dxc4 9. Bxc4 c5 10. Ne2 Qc7 11. Bd3 Nc6 12. 0-0 e5 13. Bb2 Rd8 14. Qe1 Be6 15. Kh1 Qb6 16. Bc1 cxd4 17. Rb1 Qa5 18. Rb5 Qa4 19. cxd4 exd4 20. Rxb7 dxe3 21. Bb5 Qc2 22. Bxe3 Bc4 23. Bxc6 Bxe2 24. Qc1 Qd3 25. Re1 Rac8 26. Rb2 Qa6 1/2-1/2

[Event "WchT Seniors 50"]
[Site "Prague"]
[Date "2025.02.19"]
[Round "3.1"]
[White "Adams, Michael"]
[Black "Csiszar, Csaba"]
[Result "1-0"]
[WhiteElo "2664"]
[BlackElo "2378"]
[PlyCount "63"]
[EventDate "2025.02.17"]
[EventType "team-swiss"]
[EventRounds "9"]
[EventCountry "CZE"]
[SourceTitle "CB09_2025"]
[SourceDate "2025.02.27"]
[SourceVersion "1"]
[SourceVersionDate "2025.02.27"]
[SourceQuality "1"]
[WhiteTeam "England 50"]
[BlackTeam "Hungary 50"]
[WhiteTeamCountry "ENG"]
[BlackTeamCountry "HUN"]

1. e4 c5 2. Nf3 Nc6 3. Bb5 d6 4. 0-0 Bd7 5. c3 Nf6 6. d4 a6 7. Bxc6 Bxc6 8. d5 Bd7 9. e5 dxe5 10. Nxe5 g6 11. c4 Bg7 12. Nc3 0-0 13. Re1 b5 14. Bg5 h6 15. Bh4 bxc4 16. Qe2 Re8 17. Rad1 Qc8 18. h3 Qb7 19. Rd2 Rac8 20. Red1 Bf5 21. Nxc4 Bd7 22. Qf3 Qb4 23. b3 Bb5 24. Nxb5 Qxb5 25. d6 g5 26. Bg3 Rcd8 27. d7 Rf8 28. a4 Qb4 29. Bc7 e6 30. Bxd8 Rxd8 31. Ne5 Qb6 32. Nc6 1-0

[Event "WchT Seniors 50"]
[Site "Prague"]
[Date "2025.02.18"]
[Round "2.1"]
[White "Aagaard, Jacob"]
[Black "Adams, Michael"]
[Result "0-1"]
[WhiteElo "2435"]
[BlackElo "2664"]
[PlyCount "82"]
[EventDate "2025.02.17"]
[EventType "team-swiss"]
[EventRounds "9"]
[EventCountry "CZE"]
[SourceTitle "CB09_2025"]
[SourceDate "2025.02.27"]
[SourceVersion "1"]
[SourceVersionDate "2025.02.27"]
[SourceQuality "1"]
[WhiteTeam "Denmark (50)"]
[BlackTeam "England 50"]
[WhiteTeamCountry "DEN"]
[BlackTeamCountry "ENG"]

1. d4 Nf6 2. c4 e6 3. Nc3 Bb4 4. Qc2 c5 5. dxc5 Bxc5 6. Nf3 Nc6 7. a3 d5 8. cxd5 Nxd5 9. Bg5 Qb6 10. Ne4 Be7 11. Bxe7 Ncxe7 12. e3 0-0 13. Bd3 Rd8 14. 0-0 Bd7 15. Ne5 Be8 16. Rac1 h6 17. Nc4 Qc7 18. Qd2 Nc6 19. b4 Ne5 20. Nxe5 Qxe5 21. f4 Qh5 22. f5 exf5 23. Ng3 Qg5 24. Nxf5 Ne7 25. Rc5 Nxf5 26. Rcxf5 Qe7 27. Qe2 f6 28. e4 Bg6 29. Rc5 b6 30. Rc6 Kh7 31. Rfc1 Qe5 32. Bb1 Rd7 33. h3 Rad8 34. Qg4 Re7 35. R6c4 Rd2 36. h4 Red7 37. Rc8 h5 38. Qf3 Qd4+ 39. Kh2 Rb2 40. Rf8 Qd6+ 41. e5 Qxe5+ 0-1

[Event "London Classic Superblitz Gp-B"]
[Site "London"]
[Date "2024.12.07"]
[Round "4"]
[White "Adams, Michael"]
[Black "Efroimski, Marsel"]
[Result "1-0"]
[WhiteElo "2662"]
[BlackElo "2397"]
[PlyCount "75"]
[EventDate "2024.12.07"]
[EventType "tourn (blitz)"]
[EventRounds "7"]
[EventCountry "ENG"]
[EventCategory "11"]
[SourceTitle "CB04_2025"]
[SourceDate "2025.01.22"]
[SourceVersion "1"]
[SourceVersionDate "2025.01.22"]
[SourceQuality "1"]

1. e4 e6 2. d4 d5 3. e5 c5 4. c3 Nc6 5. Nf3 Nge7 6. Bd3 cxd4 7. cxd4 Nf5 8. Bxf5 exf5 9. Nc3 Be7 10. 0-0 Be6 11. Ne2 g5 12. Ne1 f4 13. Bd2 Qb6 14. Bc3 0-0-0 15. Rc1 Kb8 16. Nd3 h5 17. f3 h4 18. h3 Rc8 19. Kh2 Bf5 20. Qd2 Nd8 21. Nc5 Qg6 22. Bb4 Bxc5 23. Bxc5 Ne6 24. Bd6+ Ka8 25. Nc3 Bd3 26. Rfd1 Bc4 27. b3 Ba6 28. Nxd5 Rcd8 29. Rc3 f5 30. Nc7+ Nxc7 31. Bxc7 Rd7 32. d5 g4 33. e6 Rxc7 34. Rxc7 gxf3 35. Qf2 Rg8 36. Qxf3 Qf6 37. Rdc1 Kb8 38. Qxf4 1-0

[Event "London Classic Superblitz Final"]
[Site "London"]
[Date "2024.12.07"]
[Round "1"]
[White "Adams, Michael"]
[Black "Firouzja, Alireza"]
[Result "1-0"]
[WhiteElo "2662"]
[BlackElo "2763"]
[PlyCount "115"]
[EventDate "2024.12.07"]
[EventType "tourn (blitz)"]
[EventRounds "7"]
[EventCountry "ENG"]
[EventCategory "17"]
[SourceTitle "CB04_2025"]
[SourceDate "2025.01.22"]
[SourceVersion "1"]
[SourceVersionDate "2025.01.22"]
[SourceQuality "1"]

1. e4 c6 2. d4 d6 3. Nc3 e5 4. Nf3 Nd7 5. Bc4 Be7 6. dxe5 dxe5 7. Ng5 Bxg5 8. Qh5 Qe7 9. Qxg5 Qxg5 10. Bxg5 Nb6 11. Bb3 Nf6 12. f3 h6 13. Be3 0-0 14. 0-0-0 Re8 15. Rd6 Nh7 16. a4 Nf8 17. a5 Nbd7 18. Rhd1 h5 19. a6 Nb6 20. axb7 Bxb7 21. Na4 Nxa4 22. Bxa4 a5 23. Bb3 a4 24. Bc4 Ba6 25. Rxc6 Bxc4 26. Rxc4 Ne6 27. Rd3 Rec8 28. Rxc8+ Rxc8 29. Kb1 f6 30. c3 g5 31. Ka2 Kf7 32. Ka3 Rb8 33. Rd2 Ra8 34. Rd7+ Kg6 35. Re7 Nf4 36. Bxf4 exf4 37. Rd7 g4 38. Rd5 Rb8 39. Rf5 Rb3+ 40. Ka2 Rb6 41. fxg4 hxg4 42. Rxf4 Kg5 43. Rf5+ Kg6 44. h3 Re6 45. Rf4 gxh3 46. gxh3 Rd6 47. Rg4+ Kf7 48. h4 Rd2 49. Ka3 Rh2 50. c4 Ke6 51. Rf4 Ke5 52. Rf5+ Ke6 53. h5 Rh4 54. Kxa4 Rxe4 55. Rc5 f5 56. Rc8 Ke7 57. h6 Rh4 58. h7 1-0

[Event "London Classic Superblitz Gp-B"]
[Site "London"]
[Date "2024.12.07"]
[Round "1"]
[White "Adams, Michael"]
[Black "Ghasi, Ameet K"]
[Result "1/2-1/2"]
[WhiteElo "2662"]
[BlackElo "2503"]
[PlyCount "115"]
[EventDate "2024.12.07"]
[EventType "tourn (blitz)"]
[EventRounds "7"]
[EventCountry "ENG"]
[EventCategory "11"]
[SourceTitle "CB04_2025"]
[SourceDate "2025.01.22"]
[SourceVersion "1"]
[SourceVersionDate "2025.01.22"]
[SourceQuality "1"]

1. e4 c6 2. Nf3 d5 3. exd5 cxd5 4. Ne5 a6 5. d4 Nc6 6. c3 Bf5 7. Qf3 Nxe5 8. Qxf5 Nc6 9. Bd3 e6 10. Qh3 Bd6 11. 0-0 Nge7 12. Nd2 Qc7 13. Nf3 h6 14. Bd2 Bf4 15. Rad1 Bxd2 16. Rxd2 Qf4 17. Re2 0-0-0 18. Re3 h5 19. Qg3 Qxg3 20. fxg3 Rdf8 21. Ng5 Nd8 22. Ref3 f5 23. Re3 Rf6 24. Rfe1 Kd7 25. h4 Rhh6 26. Be2 Nf7 27. Nh3 Nd6 28. Nf4 g6 29. b3 Rh8 30. Nd3 Ne4 31. c4 Rc8 32. Ne5+ Kd8 33. Bd3 Nc6 34. Nxc6+ Rxc6 35. c5 Ke7 36. b4 e5 37. dxe5 Rfe6 38. Rd1 Rxe5 39. Bc2 Rc8 40. Bb3 Rd8 41. Red3 Nf6 42. Kf2 Re4 43. Kf3 Ke6 44. a3 Ke5 45. Bc2 Ng4 46. Rc3 d4 47. Rb3 Rf8 48. a4 Nh2+ 49. Kf2 Ng4+ 50. Kf3 Re3+ 51. Rxe3+ Nxe3 52. Rd2 Nxc2 53. Rxc2 Kd5 54. c6 bxc6 55. Rc5+ Kd6 56. Rc4 Kd5 57. Rc5+ Kd6 58. Rc4 1/2-1/2

[Event "London Classic Superblitz Gp-B"]
[Site "London"]
[Date "2024.12.07"]
[Round "3"]
[White "Adams, Michael"]
[Black "Golding, Alex"]
[Result "1-0"]
[WhiteElo "2662"]
[BlackElo "2405"]
[PlyCount "85"]
[EventDate "2024.12.07"]
[EventType "tourn (blitz)"]
[EventRounds "7"]
[EventCountry "ENG"]
[EventCategory "11"]
[SourceTitle "CB04_2025"]
[SourceDate "2025.01.22"]
[SourceVersion "1"]
[SourceVersionDate "2025.01.22"]
[SourceQuality "1"]

1. e4 e5 2. Nf3 Nc6 3. Bb5 a6 4. Ba4 Nf6 5. d3 Bc5 6. 0-0 d6 7. c3 Ba7 8. Nbd2 0-0 9. Re1 Ne7 10. Nf1 Ng6 11. Ng3 c6 12. h3 h6 13. d4 Re8 14. Bc2 c5 15. Be3 cxd4 16. cxd4 Bd7 17. Qd2 Bc6 18. Rad1 d5 19. Nxe5 Nxe5 20. dxe5 d4 21. Bxd4 Qxd4 22. Qxd4 Bxd4 23. Rxd4 Rxe5 24. f4 Rc5 25. Bb3 a5 26. e5 a4 27. Bc4 Nd5 28. Nf5 Kf8 29. Red1 g6 30. Bxd5 gxf5 31. Bxc6 Rxc6 32. Rb4 a3 33. Rxb7 Rc2 34. bxa3 Rxa3 35. Rdd7 Raxa2 36. Rxf7+ Kg8 37. Rg7+ Kh8 38. Rg6 h5 39. Kh2 h4 40. Rf7 Rc1 41. Rxf5 Kh7 42. Rg4 Kh6 43. Rfg5 1-0

[Event "London Classic Superblitz Gp-B"]
[Site "London"]
[Date "2024.12.07"]
[Round "6"]
[White "Adams, Michael"]
[Black "Hong, Andrew Z"]
[Result "1-0"]
[WhiteElo "2662"]
[BlackElo "2572"]
[PlyCount "84"]
[EventDate "2024.12.07"]
[EventType "tourn (blitz)"]
[EventRounds "7"]
[EventCountry "ENG"]
[EventCategory "11"]
[SourceTitle "CB04_2025"]
[SourceDate "2025.01.22"]
[SourceVersion "1"]
[SourceVersionDate "2025.01.22"]
[SourceQuality "1"]

1. e4 e6 2. d4 d5 3. e5 c5 4. c3 Nc6 5. Nf3 Nge7 6. Bd3 cxd4 7. cxd4 Nf5 8. Bxf5 exf5 9. Nc3 Be7 10. h4 0-0 11. Bg5 f4 12. Bxf4 Bg4 13. Qd3 Bxf3 14. Qxf3 Nxd4 15. Qd3 Ne6 16. Bg3 d4 17. Ne4 Qa5+ 18. Ke2 Rfd8 19. Rhd1 Rd5 20. Kf1 Qb6 21. b3 h6 22. Rac1 Rad8 23. Rc4 Bb4 24. Rdc1 Qa5 25. a4 a6 26. Rc8 Be7 27. Nd6 Qb6 28. Qf3 R5xd6 29. exd6 Bxd6 30. Bxd6 Qxd6 31. Qxb7 d3 32. Rxd8+ Nxd8 33. Qe4 Ne6 34. Rc8+ Nf8 35. Rc1 Ne6 36. g3 g6 37. b4 Nd4 38. Rd1 Qxb4 39. Rxd3 Qb1+ 40. Kg2 Nc2 41. Rd8+ Kh7 42. Re8 Qd1 1-0